00360nam a22001457a 4500008004500000020001800045100001900063245003000082250001200112260002400124300001600148650001800164650001600182650001600198240228b 2024 ||||| |||| 00| 0 eng d a9783031410253 aAxler, Sheldon aLinear algebra done right a4th ed. aUSAbSpringerc2024 axvii, 390p. aVector Spaces aLinear Maps aPolynomials